00706 2200277 4500001002100000005001500021035002000036007000300056008004100059100002200100245005400122250001000176300002400186020002200210082000800232084001400240090001900254260003500273650001200308850001000320990001800330990001800348990001600366990002300382990002300405INLIS00000000000341120260414010213 a0010-0521000048ta260414 0 0 aTaliziduhu Ndraha1 aMetodologi Ilmu Pemerintahan /cTaliziduhu Ndraha aCet.1 a192 hlm. ;c20,5 cm a978-979-518-988-6 a320 a320 TAL m a320 TAL m 6-10 aJakarta :bRineka Cipta,c2010 4aPolitik aPUPAD a14163/Br-2014 a14162/Br-2014 a14165/BR/14 a21490/Br/KAPD/2015 a21493/Br/KAPD/2015